|
|
|
|
| LEADER |
00000cam a2200000 7i4500 |
| 001 |
0000002465 |
| 002 |
000002686 |
| 005 |
20000330.0 |
| 020 |
|
|
|a 9676104833
|
| 090 |
0 |
0 |
|a F
|b OSM
|
| 100 |
0 |
|
|a OSMAN Ayob
|
| 245 |
1 |
0 |
|a Gerhana semusim
|c Osman Ayob
|
| 260 |
|
|
|a Kuala Lumpur :
|b Utusan ,
|c 1994
|
| 300 |
|
|
|a 205p. ;
|c 18cm.
|
| 490 |
0 |
|
|a Siri Hadiah Sastera Utusan Melayu Public Bank 1993
|
| 999 |
|
|
|a 035959
|b BUKU
|c YOUTH FICTION
|e PERPUSTAKAAN KOMUNITI PETALING JAYA
|
| 999 |
|
|
|a 035960
|b BUKU
|c PINJAMAN
|e PERPUSTAKAAN KOMUNITI PETALING JAYA
|
| 999 |
|
|
|a 035961
|b BUKU
|c YOUTH FICTION
|e PERPUSTAKAAN KOMUNITI PETALING JAYA
|
| 999 |
|
|
|a 036711
|b BUKU
|c YOUTH FICTION
|e PERPUSTAKAAN KOMUNITI PETALING JAYA
|